01412nam a2200325 a 4500001001100000003000800011006001900019007001500038008004100053010001700094020001500111040002100126035002000147050002800167082002900195100003400224245014900258260003700407300002300444500005300467504005200520533015200572650007100724650006800795655002900863700002600892700002600918710001700944856012500961ebr2004586CaPaEBRm u cr cn|||||||||990714s1999 caua sbs 000 0 eng  z 99039615  z0833027603 aCaPaEBRcCaPaEBR a(OCoLC)7076339614aLB2833.3.T4bK57 1999eb04a331.12/313711/0097642211 aKirby, Sheila Nataraj,d1946-10aStaffing at-risk school districts in Texash[electronic resource] :bproblems and prospects /cSheila Nataraj Kirby, Scott Naftel, Mark Berends. aSanta Monica, CA :bRand,c1999. axix, 87 p. :bill. a"Supported by the U.S. Department of Education." aIncludes bibliographical references (p. 79-87). aElectronic reproduction.bPalo Alto, Calif. :cebrary,d2013.nAvailable via World Wide Web.nAccess may be limited to ebrary affiliated libraries. 0aMinority teachersxSupply and demandzTexasvLongitudinal studies. 0aChildren of minoritiesxEducationzTexasvLongitudinal studies. 7aElectronic books.2local1 aNaftel, Scott,d1952-1 aBerends, Mark,d1962-2 aebrary, Inc.40uhttp://site.ebrary.com/lib/rucke/Doc?id=2004586zAn electronic book accessible through the World Wide Web; click to view